000 00409nam a22001697a 4500
003 MACL
005 20211209145618.0
008 211209b |||||||| |||| 00| 0 eng d
040 _cMACL
082 _a363
100 _aNARANG,S.C.
_975670
245 _aINSURGENCY IN KASHMIR
_bWAY TO WAR
260 _aDELHI
_bACADEMIC PUBLICATION
_c2016
300 _ap272
650 _aTERRORISM
_917107
942 _2ddc
_cBK
999 _c64535
_d64535